000 00357nam a2200145Ia 4500
008 230312s9999||||xx |||||||||||||| ||und||
020 _a142390303X
082 _a004.6
_bWHI-D
100 _aWempen,Faithe
245 0 _aOffice 2019 for seniors for dummies
260 _bCengage
_aUSA
_c2009
300 _a506
650 _aComputer
_vNetworking
942 _cBK
999 _c17508
_d17508